[Event "Moscow Championship (blitz) 2015"]
[Site "Moscow RUS"]
[Date "2015.09.06"]
[Round "6"]
[White "Savchenko, Boris"]
[Black "Inarkiev, Ernesto"]
[Result "1-0"]
[WhiteElo "2567"]
[BlackElo "2660"]
[PlyCount "53"]
[EventDate "2015.09.06"]
[EventType "blitz"]

1. e4 e5 2. Nf3 Nc6 3. Bb5 Nf6 4. d3 d6 5. c3 Be7 6. Nbd2 O-O 7. Nf1 a6 8. Ba4
b5 9. Bc2 d5 10. Qe2 Be6 11. h3 dxe4 12. dxe4 Bc4 13. Qe3 b4 14. N1d2 Be6 15.
Ba4 Na5 16. Nxe5 Bd6 17. Nef3 Nc4 18. Nxc4 Bxc4 19. e5 Nd5 20. Qd4 Nb6 21. exd6
c5 22. Qxc5 Rc8 23. Qxb4 Nd5 24. Qb7 Qxd6 25. Qd7 Rfe8+ 26. Be3 Qb6 27. Qxc8
1-0

[Event "Moscow Championship (blitz) 2015"]
[Site "Moscow RUS"]
[Date "2015.09.06"]
[Round "7"]
[White "Onischuk, Alexander"]
[Black "Savchenko, Boris"]
[Result "0-1"]
[WhiteElo "2662"]
[BlackElo "2567"]
[PlyCount "142"]
[EventDate "2015.09.06"]
[EventType "blitz"]

1. d4 Nf6 2. c4 e6 3. Nf3 c5 4. g3 cxd4 5. Nxd4 Qc7 6. Nd2 Nc6 7. Nb5 Qb6 8.
Bg2 a6 9. Nc3 d5 10. cxd5 exd5 11. O-O Be6 12. Nb3 Rd8 13. Na4 Qc7 14. Nac5 Bg4
15. Bf4 Qb6 16. Rc1 Be7 17. Be3 Qc7 18. Nd4 Nxd4 19. Bxd4 Qb8 20. Qb3 O-O 21.
Nxb7 Rd7 22. Nc5 Bxc5 23. Bxc5 Qxb3 24. axb3 Rb8 25. f3 Be6 26. b4 Rdb7 27. Ra1
Nd7 28. Rxa6 Nxc5 29. bxc5 Rxb2 30. Rc1 Rxe2 31. c6 Kf8 32. c7 Rc8 33. Bf1 Re3
34. Rac6 Rxf3 35. Ba6 Re8 36. Bb5 Rc8 37. Ba6 Re8 38. Rb6 Ke7 39. c8=Q Bxc8 40.
Bxc8 Rf6 41. Rb7+ Kf8 42. Rd7 Rfe6 43. Bb7 Re1+ 44. Rxe1 Rxe1+ 45. Kf2 Re5 46.
Bxd5 Rf5+ 47. Bf3 h6 48. g4 Rf6 49. h4 g6 50. Ke3 Re6+ 51. Kd4 Rf6 52. Bd5 Rf4+
53. Ke5 Rxg4 54. Rxf7+ Ke8 55. Kd6 Rxh4 56. Rf6 Rd4 57. Rxg6 Rf4 58. Ke5 Rf1
59. Ke6 Re1+ 60. Kd6 Rf1 61. Rxh6 Kf8 62. Rg6 Ke8 63. Rg3 Rf2 64. Be6 Rd2+ 65.
Ke5 Ke7 66. Rg7+ Kf8 67. Ra7 Rf2 68. Bf5 Ke8 69. Be6 Kf8 70. Rh7 Rf1 71. Kd6
Rf6 0-1

[Event "Moscow Championship (blitz) 2015"]
[Site "Moscow RUS"]
[Date "2015.09.06"]
[Round "8"]
[White "Savchenko, Boris"]
[Black "Malakhov, Vladimir"]
[Result "0-1"]
[WhiteElo "2567"]
[BlackElo "2694"]
[PlyCount "64"]
[EventDate "2015.09.06"]

1. e4 g6 2. d4 Bg7 3. Nc3 d6 4. f4 Nf6 5. Nf3 O-O 6. Bd3 Na6 7. e5 Nd7 8. h4 c5
9. h5 cxd4 10. hxg6 hxg6 11. Ng5 dxe5 12. Qf3 dxc3 13. Bxg6 Nf6 14. Bxf7+ Rxf7
15. Nxf7 Kxf7 16. fxe5 Qd5 17. exf6 Qxf3 18. gxf3 Bxf6 19. Rb1 Nb4 20. bxc3
Nxa2 21. Bb2 Nxc3 22. Ra1 Bf5 23. Ra5 Bg6 24. Rh6 b6 25. Ra6 Rd8 26. Rxa7 Rd1+
27. Kf2 Bd4+ 28. Kg2 Rd2+ 29. Kh3 Bf5+ 30. Kh4 Rxc2 31. Ba3 Nd5 32. Rd6 Bf6+
0-1

[Event "Moscow Championship (blitz) 2015"]
[Site "Moscow RUS"]
[Date "2015.09.06"]
[Round "9"]
[White "Lagno, Kateryna"]
[Black "Savchenko, Boris"]
[Result "0-1"]
[WhiteElo "2523"]
[BlackElo "2567"]
[PlyCount "94"]
[EventDate "2015.09.06"]

1. e4 c5 2. Nf3 Nc6 3. d4 cxd4 4. Nxd4 g6 5. c4 d6 6. Nc3 Bg7 7. Be3 Qb6 8.
Ndb5 Bxc3+ 9. bxc3 Qa5 10. Qd2 Nf6 11. Bd3 Be6 12. O-O Ne5 13. a4 Bxc4 14. Bxc4
Nxc4 15. Qd4 Nxe3 16. fxe3 O-O 17. Nxd6 Rad8 18. Nxb7 Rxd4 19. Nxa5 Rxe4 20.
Nc6 Nd5 21. Nxa7 Ra8 22. Nb5 Raxa4 23. Rxa4 Rxa4 24. Kf2 Ra2+ 25. Kf3 Rb2 26.
Rd1 Nxe3 27. Kxe3 Rxb5 28. c4 Rb2 29. Rd8+ Kg7 30. Kf3 Rc2 31. Rc8 f5 32. c5 e5
33. c6 Rc3+ 34. Ke2 g5 35. c7 e4 36. g3 h5 37. Kd2 Rc5 38. Ke3 Rc4 39. Kd2 f4
40. gxf4 gxf4 41. Ke2 f3+ 42. Ke3 Rc3+ 43. Kf2 Rc2+ 44. Kg3 f2 45. Kg2 e3 46.
Re8 Rc1 47. Re7+ Kf6 0-1

[Event "Moscow Championship (blitz) 2015"]
[Site "Moscow RUS"]
[Date "2015.09.06"]
[Round "10"]
[White "Savchenko, Boris"]
[Black "Riazantsev, Alexander"]
[Result "1-0"]
[WhiteElo "2567"]
[BlackElo "2646"]
[PlyCount "89"]
[EventDate "2015.09.06"]

1. e4 c6 2. d4 d5 3. e5 Bf5 4. Nc3 a6 5. Nf3 e6 6. Ne2 c5 7. dxc5 Bxc5 8. Ned4
Bg4 9. h3 Bxf3 10. Nxf3 Qb6 11. Qd2 Nc6 12. Bd3 Nge7 13. O-O Ng6 14. Qg5 Nd4
15. Nxd4 Bxd4 16. c3 Bc5 17. Qg3 Qc7 18. Re1 f5 19. h4 O-O 20. h5 Ne7 21. h6 g6
22. Bf4 Nc6 23. a3 b5 24. a4 Rab8 25. axb5 axb5 26. Ra6 Rb6 27. Rea1 Rxa6 28.
Rxa6 Qb7 29. Ra2 Nd8 30. Qf3 Nc6 31. g3 Rb8 32. Kh2 Qb6 33. Kg2 Qb7 34. Ra1 Be7
35. Qe2 Kf7 36. Kh2 Kg8 37. g4 d4 38. gxf5 exf5 39. c4 bxc4 40. Bxc4+ Kh8 41.
Bd5 Qd7 42. Qc4 Nb4 43. Bf3 Rc8 44. Qf7 Rg8 45. Ra8 1-0

[Event "Moscow Championship (blitz) 2015"]
[Site "Moscow RUS"]
[Date "2015.09.06"]
[Round "12"]
[White "Savchenko, Boris"]
[Black "Demidov, Mikhail"]
[Result "1/2-1/2"]
[WhiteElo "2567"]
[BlackElo "2497"]
[PlyCount "135"]
[EventDate "2015.09.06"]
[EventType "blitz"]

1. e4 e6 2. d4 d5 3. Nc3 Be7 4. Nf3 Nf6 5. Bd3 c5 6. exd5 exd5 7. O-O c4 8. Be2
O-O 9. Ne5 Nc6 10. b3 Bb4 11. Bb2 Qa5 12. Na4 c3 13. Bc1 Bf5 14. a3 Bd6 15. Bf4
Rac8 16. Re1 Rfe8 17. Bf3 Be4 18. Nxc6 Rxc6 19. Bxd6 Rxd6 20. Nc5 Qc7 21. Re3
b6 22. Na4 Rc8 23. Nxc3 Bxf3 24. Qxf3 Qd7 25. Rae1 h6 26. Re7 Qc6 27. R1e3 Rd7
28. Rxd7 Qxd7 29. h3 Qc6 30. Qf5 Rd8 31. a4 a6 32. Ne2 b5 33. axb5 Qxb5 34. Nf4
Qb4 35. Qe5 a5 36. Rg3 Kf8 37. Kh2 Re8 38. Nxd5 Rxe5 39. Nxb4 Re2 40. Nc6 Rxc2
41. Nxa5 Rxf2 42. b4 Rb2 43. Nc6 Nd5 44. Ra3 f5 45. Ra5 Nxb4 46. Rb5 Nd3 47.
Rxf5+ Ke8 48. d5 Kd7 49. Rf7+ Kd6 50. Rxg7 Nf4 51. Nd4 Kxd5 52. Nf5 h5 53. Rg5
Ke6 54. Ne3 Re2 55. Kg3 Nxh3 56. Kxh3 Rxe3+ 57. Kh4 Kf6 58. Kxh5 Re1 59. Rg6+
Kf7 60. g4 Rh1+ 61. Kg5 Ra1 62. Rb6 Kg7 63. Rb7+ Kg8 64. Kh5 Ra8 65. g5 Rc8 66.
Kh6 Ra8 67. g6 Rc8 68. Ra7 1/2-1/2

[Event "Moscow Championship (blitz) 2015"]
[Site "Moscow RUS"]
[Date "2015.09.06"]
[Round "14"]
[White "Grachev, Boris"]
[Black "Savchenko, Boris"]
[Result "1-0"]
[WhiteElo "2649"]
[BlackElo "2567"]
[PlyCount "35"]
[EventDate "2015.09.06"]
[EventType "blitz"]

1. d4 Nf6 2. Nf3 e6 3. Bf4 c5 4. e3 Qb6 5. Qc1 Nc6 6. c3 d5 7. h3 Bd7 8. Nbd2
Rc8 9. Qb1 Be7 10. Bd3 a6 11. O-O cxd4 12. exd4 Na5 13. Re1 Bb5 14. Bc2 O-O 15.
Ne5 Qd8 16. Ndf3 Nc4 17. Ng5 h6 18. Bh7+ 1-0

[Event "Moscow Championship (blitz) 2015"]
[Site "Moscow RUS"]
[Date "2015.09.06"]
[Round "15"]
[White "Savchenko, Boris"]
[Black "Sychev, Klementy"]
[Result "1-0"]
[WhiteElo "2567"]
[BlackElo "2414"]
[PlyCount "63"]
[EventDate "2015.09.06"]
[EventType "blitz"]

1. e4 e6 2. d4 d5 3. Nc3 Nf6 4. e5 Nfd7 5. f4 c5 6. Nf3 Nc6 7. Be3 cxd4 8. Nxd4
Bc5 9. Qd2 O-O 10. O-O-O a6 11. Nb3 Bxe3 12. Qxe3 b5 13. Ne2 Bb7 14. Nbd4 Qb6
15. h4 Rac8 16. h5 b4 17. Rh3 a5 18. h6 g6 19. Nxc6 Qxc6 20. Nd4 Qc5 21. Kb1 a4
22. a3 Nb6 23. axb4 Qxb4 24. Qa3 Qxa3 25. Rxa3 Rc5 26. b3 Ra8 27. Kb2 axb3 28.
Rxa8+ Nxa8 29. cxb3 Kf8 30. Ra1 Nb6 31. Ra7 Rc7 32. Ba6 1-0

[Event "Moscow Championship (blitz) 2015"]
[Site "Moscow RUS"]
[Date "2015.09.06"]
[Round "17"]
[White "Savchenko, Boris"]
[Black "Vavulin, Maksim"]
[Result "1-0"]
[WhiteElo "2567"]
[BlackElo "2441"]
[PlyCount "53"]
[EventDate "2015.09.06"]
[EventType "blitz"]

1. e4 g6 2. d4 Bg7 3. c3 d6 4. Na3 Nd7 5. f4 a6 6. Nf3 b5 7. Bd3 Bb7 8. O-O
Ngf6 9. e5 Nd5 10. Nc2 N7b6 11. e6 f5 12. Ng5 O-O 13. g4 fxg4 14. Qxg4 Nf6 15.
Qh3 Qe8 16. Ne3 Qc6 17. Be4 d5 18. Bd3 Bc8 19. Ng4 Nh5 20. Ne5 Bxe5 21. fxe5
Rxf1+ 22. Kxf1 h6 23. Bxg6 hxg5 24. Bf7+ Kf8 25. Bxg5 Nc4 26. Bh6+ Ng7 27.
Bxg7+ 1-0

[Event "Moscow Championship (blitz) 2015"]
[Site "Moscow RUS"]
[Date "2015.09.06"]
[Round "18"]
[White "Najer, Evgeniy"]
[Black "Savchenko, Boris"]
[Result "0-1"]
[WhiteElo "2658"]
[BlackElo "2567"]
[PlyCount "64"]
[EventDate "2015.09.06"]
[EventType "blitz"]

1. e4 c5 2. Nc3 Nc6 3. Bb5 g6 4. Bxc6 dxc6 5. d3 Bg7 6. f4 Nf6 7. Nf3 Nd7 8.
O-O b6 9. Qe1 Nf8 10. f5 gxf5 11. Nh4 fxe4 12. dxe4 Ng6 13. Nf5 O-O 14. Bg5 Be6
15. Rf3 Qc7 16. h4 Bd4+ 17. Kh1 Kh8 18. Rd1 Rad8 19. h5 Bxf5 20. Rxf5 Ne5 21.
Ne2 f6 22. Bc1 Ng4 23. Bf4 e5 24. Bc1 Bf2 25. Rxd8 Rxd8 26. Rxf2 Rd1 27. Rf1
Rxe1 28. Rxe1 Nf2+ 29. Kg1 Nxe4 30. Rf1 Kg8 31. Be3 Qd7 32. Rf3 Qd1+ 0-1

[Event "Moscow Championship (blitz) 2015"]
[Site "Moscow RUS"]
[Date "2015.09.06"]
[Round "19"]
[White "Savchenko, Boris"]
[Black "Mozharov, Mikhail"]
[Result "1-0"]
[WhiteElo "2567"]
[BlackElo "2573"]
[PlyCount "76"]
[EventDate "2015.09.06"]

1. e4 c6 2. d4 d5 3. e5 Bf5 4. Nc3 e6 5. Be3 h6 6. Nf3 Nd7 7. Nd2 a6 8. g4 Bh7
9. f4 c5 10. Bg2 cxd4 11. Bxd4 Ne7 12. Nb3 Nc6 13. Bf2 Qc7 14. h4 Nb6 15. Qe2
h5 16. gxh5 Nb4 17. Rc1 Nc4 18. Nd1 Nxa2 19. Ra1 Nb4 20. Rc1 Rc8 21. O-O Be7
22. Nd4 Nc6 23. c3 Nxd4 24. Bxd4 Bf5 25. b3 Na5 26. Ne3 Nxb3 27. Nxf5 exf5 28.
Rb1 Nxd4 29. cxd4 Qd7 30. Qf3 Rd8 31. Rb6 Qc7 32. Rfb1 Qc4 33. Rxb7 Qxd4+ 34.
Kh1 Bxh4 35. Rc1 Qe4 36. Qa3 Qxf4 37. e6 fxe6 38. Bxd5 Qd6 1-0

[Event "Moscow Championship (blitz) 2015"]
[Site "Moscow RUS"]
[Date "2015.09.06"]
[Round "1"]
[White "Onischuk, Alexander"]
[Black "Malakhov, Vladimir"]
[Result "1-0"]
[WhiteElo "2662"]
[BlackElo "2694"]
[PlyCount "71"]
[EventDate "2015.09.06"]
[EventType "blitz"]

1. d4 d5 2. c4 c6 3. Nc3 Nf6 4. Nf3 a6 5. e3 Bf5 6. Bd3 Bxd3 7. Qxd3 e6 8. O-O
Bb4 9. b3 O-O 10. a3 Bxc3 11. Qxc3 Nbd7 12. Qc2 Re8 13. Bb2 Ne4 14. Rac1 Rc8
15. a4 Qf6 16. Ne5 Nxe5 17. dxe5 Qg6 18. cxd5 exd5 19. f3 Ng5 20. h4 Ne6 21. f4
Qg4 22. f5 Nf8 23. Rf4 Qg3 24. Qe2 h5 25. Rcf1 g5 26. R1f3 gxf4 27. Rxg3+ fxg3
28. Qxh5 Nh7 29. e6 f6 30. Qg6+ Kh8 31. Bxf6+ Nxf6 32. Qxf6+ Kh7 33. e7 Rg8 34.
Qf7+ Kh6 35. f6 d4 36. Qe6 1-0

[Event "Moscow Championship (blitz) 2015"]
[Site "Moscow RUS"]
[Date "2015.09.06"]
[Round "2"]
[White "Grachev, Boris"]
[Black "Malakhov, Vladimir"]
[Result "1/2-1/2"]
[WhiteElo "2649"]
[BlackElo "2694"]
[PlyCount "51"]
[EventDate "2015.09.06"]
[EventType "blitz"]

1. d4 g6 2. Nf3 Bg7 3. Bf4 d6 4. e3 Nf6 5. h3 c5 6. c3 b6 7. Be2 O-O 8. O-O Bb7
9. Bh2 Nbd7 10. Nfd2 Ne4 11. Nxe4 Bxe4 12. Nd2 Bb7 13. Bf3 Qc8 14. Re1 Bxf3 15.
Nxf3 Qb7 16. e4 cxd4 17. cxd4 Rac8 18. Qe2 Rc6 19. Rac1 Rfc8 20. Bf4 Rxc1 21.
Rxc1 Rxc1+ 22. Bxc1 Qc6 23. Bg5 e6 24. Bf4 b5 25. Qd3 a6 26. b3 1/2-1/2

[Event "Moscow Championship (blitz) 2015"]
[Site "Moscow RUS"]
[Date "2015.09.06"]
[Round "3"]
[White "Malakhov, Vladimir"]
[Black "Lagno, Kateryna"]
[Result "1/2-1/2"]
[WhiteElo "2694"]
[BlackElo "2523"]
[PlyCount "155"]
[EventDate "2015.09.06"]
[EventType "blitz"]

1. Nf3 g6 2. e4 d6 3. d4 Nf6 4. Nc3 Bg7 5. Be2 O-O 6. O-O c6 7. Re1 Nbd7 8. Bf4
Qa5 9. e5 dxe5 10. Nxe5 Nxe5 11. Bxe5 Be6 12. Bf3 Rfd8 13. Qe2 Qb4 14. Rab1 Qc4
15. Qxc4 Bxc4 16. b3 Be6 17. Na4 Bd5 18. Be2 b6 19. c4 Be4 20. Rbd1 Rac8 21.
Nc3 Bc2 22. Rd2 Bf5 23. Bf3 Bh6 24. Rdd1 Bc2 25. Ra1 Bd2 26. Re2 Bxc3 27. Rc1
Bxd4 28. Bxd4 Rxd4 29. Rexc2 c5 30. h3 Rcd8 31. g3 e6 32. Kg2 Kf8 33. Rb1 Rd2
34. Rbb2 Rxc2 35. Rxc2 Ke7 36. Kf1 e5 37. Ke2 e4 38. Bg2 Ke6 39. f3 Ke5 40.
fxe4 Nxe4 41. Bxe4 Kxe4 42. Rc3 Ke5 43. Re3+ Kf6 44. Rf3+ Ke6 45. Re3+ Kd6 46.
Rd3+ Kc7 47. Rf3 Re8+ 48. Kd3 Re7 49. Rf6 h5 50. g4 hxg4 51. hxg4 Kd7 52. a3
Ke8 53. b4 Rd7+ 54. Kc3 Rd4 55. bxc5 bxc5 56. Rc6 Rxg4 57. Rxc5 Re4 58. Rc7 Re7
59. Rc8+ Kd7 60. Rf8 g5 61. Kd4 Ke6 62. c5 f5 63. c6 g4 64. Rg8 Kd6 65. Rg6+
Kc7 66. Kd5 Rf7 67. Ke6 Rf8 68. Kd5 f4 69. Rxg4 f3 70. Rg1 f2 71. Rf1 Rf5+ 72.
Ke4 Rf6 73. Ke3 Kxc6 74. Rxf2 Rxf2 75. Kxf2 Kb5 76. Ke2 Ka4 77. Kd2 Kxa3 78.
Kc2 1/2-1/2

[Event "Moscow Championship (blitz) 2015"]
[Site "Moscow RUS"]
[Date "2015.09.06"]
[Round "4"]
[White "Riazantsev, Alexander"]
[Black "Malakhov, Vladimir"]
[Result "1/2-1/2"]
[WhiteElo "2646"]
[BlackElo "2694"]
[PlyCount "95"]
[EventDate "2015.09.06"]
[EventType "blitz"]

1. d4 g6 2. c4 Bg7 3. e4 e6 4. Nc3 Ne7 5. Nge2 Ng8 6. Ng1 Ne7 7. Nge2 d5 8.
cxd5 exd5 9. e5 O-O 10. Bg5 f6 11. exf6 Bxf6 12. Bxf6 Rxf6 13. Qd2 Nbc6 14. f3
a6 15. O-O-O Qd6 16. h4 Bd7 17. h5 Raf8 18. hxg6 Rxg6 19. Rh4 Nf5 20. Rf4 Re8
21. Rxf5 Bxf5 22. Nf4 Rg7 23. Nfxd5 Nb4 24. Bc4 Kh8 25. Nxb4 Qxb4 26. Bb3 a5
27. g4 Bd7 28. Bc2 a4 29. a3 Qe7 30. Kb1 Qe3 31. Qg2 Qf4 32. Rh1 b5 33. Be4 Qd6
34. Qc2 Ree7 35. Nd5 Ref7 36. g5 Bf5 37. Nf6 Bxe4 38. Qxe4 Rxf6 39. gxf6 Qxf6
40. Qe8+ Rg8 41. Qxb5 Qxd4 42. Qf5 Qg7 43. Rc1 Rb8 44. Qc2 Rb3 45. Ka2 Qf7 46.
Kb1 Qg7 47. Ka2 Qf7 48. Kb1 1/2-1/2

[Event "Moscow Championship (blitz) 2015"]
[Site "Moscow RUS"]
[Date "2015.09.06"]
[Round "6"]
[White "Demidov, Mikhail"]
[Black "Malakhov, Vladimir"]
[Result "0-1"]
[WhiteElo "2497"]
[BlackElo "2694"]
[PlyCount "68"]
[EventDate "2015.09.06"]
[EventType "blitz"]

1. d4 g6 2. Nf3 Bg7 3. e4 d6 4. Nc3 Nf6 5. Be2 O-O 6. O-O Nc6 7. h3 a6 8. a4 e5
9. dxe5 dxe5 10. Bg5 Be6 11. Qxd8 Rfxd8 12. Rfd1 h6 13. Bxf6 Bxf6 14. Nd5 Bxd5
15. exd5 Nb4 16. c4 a5 17. Nd2 b6 18. Ne4 Be7 19. Nc3 Bd6 20. Rd2 Kg7 21. Re1
f5 22. Nb5 Na6 23. Ra1 Nc5 24. Bd1 e4 25. Bc2 Be5 26. Rb1 Kf6 27. b3 Rd7 28.
Re1 c6 29. Nd4 cxd5 30. Nc6 d4 31. b4 axb4 32. Nxb4 d3 33. Nd5+ Rxd5 34. cxd5
Bc3 0-1

[Event "Moscow Championship (blitz) 2015"]
[Site "Moscow RUS"]
[Date "2015.09.06"]
[Round "9"]
[White "Malakhov, Vladimir"]
[Black "Sychev, Klementy"]
[Result "1-0"]
[WhiteElo "2694"]
[BlackElo "2414"]
[PlyCount "55"]
[EventDate "2015.09.06"]

1. Nf3 Nf6 2. g3 g6 3. b3 Bg7 4. Bb2 O-O 5. c4 d6 6. Bg2 c5 7. O-O Nc6 8. d4
Ne4 9. Nbd2 Bf5 10. e3 e5 11. Nh4 Nxd2 12. Qxd2 cxd4 13. Nxf5 gxf5 14. exd4
Nxd4 15. Bxd4 exd4 16. Bxb7 Rb8 17. Bd5 Qf6 18. Rae1 Rbe8 19. Qa5 d3 20. Rd1
Re2 21. Rxd3 Qb2 22. Qxa7 f4 23. Kg2 Kh8 24. Bf3 Rc2 25. Rxd6 f5 26. Qe7 fxg3
27. hxg3 f4 28. Rd8 1-0

[Event "Moscow Championship (blitz) 2015"]
[Site "Moscow RUS"]
[Date "2015.09.06"]
[Round "11"]
[White "Malakhov, Vladimir"]
[Black "Vavulin, Maksim"]
[Result "0-1"]
[WhiteElo "2694"]
[BlackElo "2441"]
[PlyCount "88"]
[EventDate "2015.09.06"]
[EventType "blitz"]

1. Nf3 g6 2. e4 Bg7 3. d4 d6 4. Be2 a6 5. c4 c5 6. O-O cxd4 7. Nxd4 Nc6 8. Be3
Nf6 9. Nc3 O-O 10. f3 Be6 11. Rc1 Rc8 12. b3 Nd7 13. Qd2 Nxd4 14. Bxd4 Qa5 15.
Bxg7 Kxg7 16. f4 f5 17. Bf3 fxe4 18. Qd4+ Kg8 19. Qxe4 Nc5 20. Qe3 Bf7 21. Qxe7
Nd3 22. Nd5 Qc5+ 23. Kh1 Nxc1 24. Qxb7 Nd3 25. Ne7+ Kg7 26. Nxc8 Rxc8 27. h3
Rc7 28. Qxa6 Ra7 29. Qb5 Rxa2 30. Qb7 Ra7 31. Qb8 Qc7 32. Qxc7 Rxc7 33. Be2 Nc5
34. Rd1 Rc6 35. b4 Ne4 36. b5 Rb6 37. Kh2 Nc3 38. Rd2 Nxe2 39. Rxe2 Bxc4 40.
Re7+ Bf7 41. Rd7 d5 42. g4 Rxb5 43. g5 Rb3 44. h4 Rf3 0-1

[Event "Moscow Championship (blitz) 2015"]
[Site "Moscow RUS"]
[Date "2015.09.06"]
[Round "12"]
[White "Najer, Evgeniy"]
[Black "Malakhov, Vladimir"]
[Result "0-1"]
[WhiteElo "2658"]
[BlackElo "2694"]
[PlyCount "70"]
[EventDate "2015.09.06"]
[EventType "blitz"]

1. e4 g6 2. d4 Bg7 3. Nc3 d6 4. Be3 a6 5. Nf3 b5 6. Bd3 Bb7 7. e5 Nd7 8. e6
fxe6 9. Ng5 Nf8 10. O-O Nf6 11. f3 Nd5 12. Nxd5 exd5 13. Qe2 Qd7 14. f4 Ne6 15.
Nxe6 Qxe6 16. f5 Qd7 17. fxg6 hxg6 18. Bxg6+ Kd8 19. c3 Bf6 20. a4 c6 21. axb5
cxb5 22. Bd2 Kc7 23. Bf5 Qc6 24. b3 Rag8 25. Be6 Rg7 26. Rf3 Kb8 27. Bf4 b4 28.
Qd3 bxc3 29. Rc1 Qb6 30. Be3 Rh4 31. Rxf6 exf6 32. Rxc3 Re7 33. Bf5 Rxe3 34.
Qxe3 Rxd4 35. Qe1 Rd1+ 0-1

[Event "Moscow Championship (blitz) 2015"]
[Site "Moscow RUS"]
[Date "2015.09.06"]
[Round "13"]
[White "Malakhov, Vladimir"]
[Black "Mozharov, Mikhail"]
[Result "0-1"]
[WhiteElo "2694"]
[BlackElo "2573"]
[PlyCount "74"]
[EventDate "2015.09.06"]
[EventType "blitz"]

1. Nf3 Nf6 2. g3 b6 3. Bg2 Bb7 4. c4 e6 5. O-O g6 6. d4 Bg7 7. Nc3 Ne4 8. Bd2
O-O 9. Rc1 d6 10. d5 Nxc3 11. Bxc3 e5 12. b4 Nd7 13. Ne1 f5 14. Nd3 Qe7 15. Qd2
Rae8 16. Qb2 Ba6 17. Qb3 f4 18. Bb2 Bh6 19. Rce1 g5 20. Bh3 Bc8 21. Be6+ Kh8
22. c5 Bg7 23. cxd6 cxd6 24. Rc1 Nf6 25. Bxc8 Rxc8 26. Rc6 Qd7 27. Rfc1 Rxc6
28. dxc6 Qh3 29. c7 Ng4 30. Qd5 Qxh2+ 31. Kf1 fxg3 32. c8=Q Ne3+ 33. Ke1 Nxd5
34. Nxe5 Qxf2+ 35. Kd2 Qe3+ 36. Kd1 dxe5 37. Qd7 g2 0-1

[Event "Moscow Championship (blitz) 2015"]
[Site "Moscow RUS"]
[Date "2015.09.06"]
[Round "14"]
[White "Dubov, Daniil"]
[Black "Malakhov, Vladimir"]
[Result "1-0"]
[WhiteElo "2661"]
[BlackElo "2694"]
[PlyCount "69"]
[EventDate "2015.09.06"]
[EventType "blitz"]

1. d4 g6 2. e4 Bg7 3. Nc3 d6 4. Be3 a6 5. Qd2 b5 6. f3 Nd7 7. h4 h6 8. O-O-O
Bb7 9. Nh3 Rc8 10. e5 dxe5 11. dxe5 Bxe5 12. h5 g5 13. f4 gxf4 14. Bxf4 Bd6 15.
Nf2 Ndf6 16. a3 Qd7 17. Bd3 Rd8 18. Rde1 Kf8 19. Rhf1 c5 20. Nfe4 Bxe4 21. Bxe4
Bxf4 22. Qxf4 Qd6 23. Qf2 b4 24. axb4 cxb4 25. Nd5 b3 26. cxb3 Qc6+ 27. Nc3 Qc7
28. Kb1 Qb8 29. Bc2 Qb4 30. Ne4 Qb8 31. Nxf6 Nxf6 32. Rxe7 Rd6 33. Rfe1 Qb6 34.
Qf5 Kg7 35. Qg6+ 1-0

[Event "Moscow Championship (blitz) 2015"]
[Site "Moscow RUS"]
[Date "2015.09.06"]
[Round "15"]
[White "Malakhov, Vladimir"]
[Black "Kobalia, Mikhail"]
[Result "1-0"]
[WhiteElo "2694"]
[BlackElo "2632"]
[PlyCount "141"]
[EventDate "2015.09.06"]
[EventType "blitz"]

1. Nf3 d5 2. g3 Bg4 3. Bg2 Nd7 4. c4 c6 5. cxd5 cxd5 6. O-O e6 7. Nc3 Ngf6 8.
d3 Be7 9. Be3 O-O 10. Qb3 Bc5 11. Bf4 Qe7 12. Qxb7 h6 13. Na4 e5 14. Bxe5 Bb6
15. Nxb6 axb6 16. Bxf6 Qxf6 17. Qxd5 Qxb2 18. Qd4 Qxd4 19. Nxd4 Ra4 20. e3 Nc5
21. Rfb1 Ra6 22. h3 Bh5 23. Bf1 Rfa8 24. Bg2 Rf8 25. Nc6 Nxd3 26. Bf1 Ra3 27.
Rxb6 Rfa8 28. Nd4 Ne5 29. Rb2 Nf3+ 30. Nxf3 Bxf3 31. Bg2 Bxg2 32. Kxg2 g6 33.
Rd2 R8a7 34. h4 h5 35. Kf3 Kg7 36. Kf4 Kf6 37. Rb2 R7a4+ 38. e4 Ra7 39. f3 R3a4
40. g4 hxg4 41. fxg4 R4a5 42. Re2 Ra4 43. h5 g5+ 44. Kf3 Ra3+ 45. Re3 Rxa2 46.
Rxa2 Rxa2 47. Rb3 Rh2 48. Rb5 Rh3+ 49. Kf2 Rh2+ 50. Kg3 Re2 51. Kf3 Re1 52.
Rf5+ Ke6 53. Rxg5 f6 54. Rg7 Ra1 55. h6 Rh1 56. h7 Ke5 57. Kg2 Rh6 58. Kg3 Kxe4
59. g5 fxg5 60. Kg4 Ke5 61. Kxg5 Rh1 62. Kg6 Ke6 63. Rg8 Rg1+ 64. Kh6 Rh1+ 65.
Kg7 Rg1+ 66. Kf8 Rf1+ 67. Ke8 Ra1 68. Rg6+ Kf5 69. Rf6+ Kg5 70. Rf8 Ra8+ 71.
Kf7 1-0

[Event "Moscow Championship (blitz) 2015"]
[Site "Moscow RUS"]
[Date "2015.09.06"]
[Round "17"]
[White "Malakhov, Vladimir"]
[Black "Novikov, Stanislav"]
[Result "1-0"]
[WhiteElo "2694"]
[BlackElo "2536"]
[PlyCount "69"]
[EventDate "2015.09.06"]
[EventType "blitz"]

1. Nf3 g6 2. e4 Bg7 3. d4 c6 4. Nc3 b5 5. Bd3 d6 6. h3 Nd7 7. O-O Qc7 8. Re1
Bb7 9. Bg5 e5 10. d5 b4 11. dxc6 Bxc6 12. Nd5 Bxd5 13. exd5 Ngf6 14. Bb5 O-O
15. Bc6 Rab8 16. Nd2 h6 17. Be3 Nb6 18. Bxb6 Qxb6 19. Nc4 Qc5 20. b3 e4 21. a3
Nh5 22. axb4 Qxb4 23. Ra4 Qc3 24. Rxe4 f5 25. Re7 Rf7 26. Rxf7 Kxf7 27. Rxa7+
Kg8 28. Qd2 Qf6 29. Qe3 Kh7 30. Qe7 Qd4 31. Nxd6 f4 32. Ne4 f3 33. gxf3 Nf4 34.
Nf6+ Kh8 35. Qxg7# 1-0

[Event "Moscow Championship (blitz) 2015"]
[Site "Moscow RUS"]
[Date "2015.09.06"]
[Round "18"]
[White "Oparin, Grigoriy"]
[Black "Malakhov, Vladimir"]
[Result "1-0"]
[WhiteElo "2569"]
[BlackElo "2694"]
[PlyCount "49"]
[EventDate "2015.09.06"]

1. e4 g6 2. d4 Bg7 3. Nc3 d6 4. f4 Nf6 5. Nf3 O-O 6. e5 dxe5 7. fxe5 Nd5 8. Bc4
Nb6 9. Bb3 Nc6 10. O-O Bg4 11. Be3 e6 12. h3 Bxf3 13. Rxf3 Na5 14. Ne4 Nxb3 15.
axb3 Nd5 16. Bg5 Qc8 17. c4 Nb6 18. Qd2 Nd7 19. Raf1 a5 20. Be7 Re8 21. Rxf7 a4
22. Qg5 axb3 23. Rxg7+ Kxg7 24. Bf6+ Kg8 25. Qh6 1-0

[Event "Moscow Championship (blitz) 2015"]
[Site "Moscow RUS"]
[Date "2015.09.06"]
[Round "19"]
[White "Malakhov, Vladimir"]
[Black "Inarkiev, Ernesto"]
[Result "1-0"]
[WhiteElo "2694"]
[BlackElo "2660"]
[PlyCount "81"]
[EventDate "2015.09.06"]

1. Nf3 d5 2. g3 g6 3. c4 dxc4 4. Qa4+ Nc6 5. Bg2 Bg7 6. Qxc4 e5 7. O-O Nge7 8.
d3 O-O 9. Nc3 h6 10. Bd2 Be6 11. Qa4 Nf5 12. Rfc1 Rb8 13. Kf1 a6 14. Ne4 Ncd4
15. Nxd4 Nxd4 16. Be3 Nf5 17. Nc5 Nxe3+ 18. fxe3 Bd5 19. Bxd5 Qxd5 20. Qe4 Rfd8
21. Qxd5 Rxd5 22. e4 Rdd8 23. b4 Bf8 24. a4 c6 25. Rab1 Bd6 26. Rc4 Re8 27. Nd7
Rbd8 28. Nf6+ Kf8 29. Nxe8 Kxe8 30. b5 cxb5 31. axb5 a5 32. b6 Bb4 33. Rc7 Rd7
34. Rbc1 Bd6 35. Rxd7 Kxd7 36. Rc4 h5 37. e3 f6 38. Ke2 g5 39. d4 g4 40. d5 Bb8
41. Ra4 1-0

[Event "World Cup 2015"]
[Site "Baku AZE"]
[Date "2015.09.11"]
[Round "1"]
[White "Iljiushenok, Ilia"]
[Black "Jakovenko, Dmitry"]
[Result "1/2-1/2"]
[WhiteElo "2491"]
[BlackElo "2748"]
[PlyCount "74"]
[EventDate "2015.09.11"]

1. d4 Nf6 2. c4 e6 3. Nc3 Bb4 4. e3 O-O 5. Nge2 Re8 6. a3 Bf8 7. Ng3 d5 8. Be2
b6 9. O-O Bb7 10. b4 Nbd7 11. Qb3 c6 12. Rd1 Qc7 13. Bb2 Rad8 14. Rac1 Qb8 15.
Bf3 dxc4 16. Qxc4 c5 17. Bxb7 Qxb7 18. b5 Rc8 19. dxc5 Rxc5 20. Qa4 Rec8 21.
Nce4 Rxc1 22. Bxc1 Nxe4 23. Nxe4 Ne5 24. f3 Rc4 25. Qb3 Qc7 26. Bb2 Ng4 27. g3
Nh6 28. Be5 Qc8 29. Bd6 Rc1 30. Bxf8 Rxd1+ 31. Qxd1 Qxf8 32. Nd6 Nf5 33. Nxf5
exf5 34. a4 g6 35. Qd4 Qc8 36. Kg2 Qc2+ 37. Kg1 Qc1+ 1/2-1/2